00476 2200169 4500001002100000008004100021035002000062245007600082100002500158260003100183300002100214020002200235084001600257082000800273650001100281990001400292INLIS000000000000819 ind  a0010-0426000016 aFisika: Prinsip dan Aplikasi Edisi Ketujuh Jilid 2cDouglas C. Giancoli aGiancoli, Douglas C. aJakarta :bErlangga,c2014 a389 hlm.c28 cm. a978-602-298-433-7 a530 GIA f-2 a530 aFisika a000001528